A textbook of oral pathology. (3rd ed.) (Record no. 32896)
[ view plain ]
| 000 -LEADER | |
|---|---|
| fixed length control field | 00740nam a2200193 a 4500 |
| 008 - FIXED-LENGTH DATA ELEMENTS--GENERAL INFORMATION | |
| fixed length control field | 150618s1974 ||||||||||||||||| || u |
| 020 ## - INTERNATIONAL STANDARD BOOK NUMBER | |
| International Standard Book Number | 0721629180 |
| 050 ## - LIBRARY OF CONGRESS CALL NUMBER | |
| Classification number | RK 301 Sha |
| 100 ## - MAIN ENTRY--PERSONAL NAME | |
| Personal name | Hine, Maynard K |
| 245 12 - TITLE STATEMENT | |
| Title | A textbook of oral pathology. (3rd ed.) |
| Statement of responsibility, etc. | by William G. Shafer; Maynard K. Hine; Barnet M. Levy |
| 250 ## - EDITION STATEMENT | |
| Edition statement | 3rd ed. |
| 260 ## - PUBLICATION, DISTRIBUTION, ETC. | |
| Place of publication, distribution, etc. | Philadelphia: |
| Name of publisher, distributor, etc. | W. B. Saunders Company |
| Date of publication, distribution, etc. | 1974 |
| 300 ## - PHYSICAL DESCRIPTION | |
| Extent | xiv, 853p.: ill. |
| 650 ## - SUBJECT ADDED ENTRY--TOPICAL TERM | |
| Topical term or geographic name entry element | TEETH DISEASES |
| 650 #3 - SUBJECT ADDED ENTRY--TOPICAL TERM | |
| Topical term or geographic name entry element | MOUTH DISEASES--TREATMENT |
| 700 ## - ADDED ENTRY--PERSONAL NAME | |
| Personal name | Levy, Barnet M |
| 700 ## - ADDED ENTRY--PERSONAL NAME | |
| Personal name | Shafer, William G |
| 995 ## - | |
| -- | MEDICAL LIBRARY OPEN ACCESS |
| -- | 903021 |
| -- | CBU-SCHOOL OF MEDICINE LIBRARY (Ndola) |
| -- | RK 301 Sha |
| -- | 1 |
| -- | AVAILABLE |
| -- | Jun 23, 2015 |
| -- | 903021 |
| -- | Medical Library Open Access Collection |
| 999 ## - | |
| -- | 32896 |
| -- | 32896 |
| Withdrawn status | Lost status | Source of classification or shelving scheme | Damaged status | Not for loan | Permanent Location | Current Location | Shelving location | Date acquired | Total Checkouts | Full call number | Barcode | Date last seen | Price effective from | Koha item type |
|---|---|---|---|---|---|---|---|---|---|---|---|---|---|---|
| CBU-SCHOOL OF MEDICINE LIBRARY, NDOLA. | CBU-SCHOOL OF MEDICINE LIBRARY, NDOLA. | 11/30/2022 | RK 301 Sha | 903021 | 11/30/2022 | 11/30/2022 | MONOGRAPH | |||||||
| CBU-SCHOOL OF MEDICINE LIBRARY, NDOLA. | CBU-SCHOOL OF MEDICINE LIBRARY, NDOLA. | School of Medicine Collection - Hospital Campus | 06/19/2024 | RK 301 Sha | 903006 | 06/19/2024 | 06/19/2024 | MONOGRAPH |